Biologická bezpečnosť

Bibliographic Details
Main Authors: Bežo, Milan, 1947- (Author), Žiarovská, Jana, 1979- (Author), Štefúnová, Veronika, 1977- (Author), Ražná, Katarína, 1973- (Author)
Format: Book
Language:Slovak
PhysicalDescription:115 strán fotogragie, grafy, ilustrácie, tabuľky 24 cm
Published: Nitra Slovenská poľnohospodárska univerzita 2018
ISBN:9788055218328
Edition:Vydanie prvé
Subjects:

MARC

LEADER 00000cam a2200000 4500
001 vtls011825305
003 SK-MaSNL
005 20260301100432.0
008 200205s2018 xo oa frnp 000 0 slo
015 |a SNBA2018/12 
020 |a 9788055218328  |q (brožované) 
035 |a urn:nbn:sk:snk-am00d6a6 
035 |a urn:nbn:sk:snk-am3hr41 
035 |a C99315A9-9A73-4C6D-982C-DAEC5FBC606B 
040 |a SNK  |b slo  |c SNK  |e rda 
041 0 |a slo 
044 |a xo  |c SK 
072 7 |a 60  |x Biotechnológie. Genetické inžinierstvo  |2 konspekt 
080 |a 608.3  |2 2011 
080 |a 574.1  |2 2011 
080 |a 575  |2 2011 
080 |a (075.8)  |2 2011 
080 |a 60  |2 2011 
080 |a 604.6  |2 2011 
100 1 |a Bežo, Milan,  |d 1947-  |4 aut  |9 185647 
245 1 |a Biologická bezpečnosť  |c Milan Bežo, Jana Žiarovská, Veronika Štefúnová, Katarína Ražná 
250 |a Vydanie prvé 
264 1 |a Nitra  |b Slovenská poľnohospodárska univerzita  |c 2018 
300 |a 115 strán  |b fotogragie, grafy, ilustrácie, tabuľky  |c 24 cm 
336 |a text  |b txt  |2 rdacontent 
337 |a bez média  |b n  |2 rdamedia 
338 |a zväzok  |b nc  |2 rdacarrier 
366 |e 200 kusov 
504 |a Obsahuje bibliografiu 
521 8 |a Pre študentov SPU v Nitre 
650 0 7 |a biologická bezpečnosť  |2 SNKPH  |9 65099 
650 0 7 |a biotechnológia  |2 SNKPH  |9 4156 
650 0 7 |a geneticky modifikované organizmy  |2 SNKPH  |9 4213 
650 0 7 |a Biological safety  |2 SNKPHeng  |9 316749 
650 0 7 |a Biotechnology  |2 SNKPHeng  |9 266982 
650 0 7 |a Genetically modified organisms  |2 SNKPHeng  |9 411194 
655 7 |a učebnice vysokých škôl  |2 SNKPH  |9 70191 
655 7 |a Textbooks (higher)  |2 SNKPHeng  |9 276436 
700 1 |a Žiarovská, Jana,  |d 1979-  |4 aut  |9 212548 
700 1 |a Štefúnová, Veronika,  |d 1977-  |4 aut  |9 185649 
700 1 |a Ražná, Katarína,  |d 1973-  |4 aut  |9 185648 
852 |a Štátna vedecká knižnica v Banskej Bystrici 
919 |a 978-80-552-1832-8 
958 |a NB 
999 |c 686325  |d 688255 
952 |a SNK  |b SNK  |y PREZ  |7 0  |p 17A1350668  |o snkSC 181839  |i snk2018/25884  |8 0  |0 0  |1 0  |4 0  |d 2018-11-30  |f 1  |l 0  |r 2026-02-23 20:12:29  |w 2026-02-23 
952 |a SNK  |b SNK  |y VYP  |7 0  |p 17A1350669  |o snkSC 181839 D1  |i snk2018/25885  |8 0  |0 0  |1 0  |4 0  |d 2018-11-30  |l 0  |r 2026-02-23 20:12:29  |w 2026-02-23